000 00305nam a22001337a 4500
008 181203b xxu||||| |||| 00| 0 eng d
020 _a9780072858686
041 _aeng
080 _24th
_a336
100 _a56
101 _aFIN
245 _aEssentials of Corporate Finance
_cRoss,S.A
942 _2udc
_cBK
999 _c52742
_d52742